000 00601nam a22002177a 4500
003 OSt
005 20140310183124.0
008 130201t xxu||||| |||| 00| 0 eng d
020 _a9789719341871
050 _aDS 675.8
_b.G934 2010
082 _aFIL 921
_bG934 2010
245 _aThe first Filipino
_bthe award-winning biography of Jose Rizal
_cGuerrero, Leon Ma.
260 _a[Manila]
_bGuerrero Publishing
_cc2010
300 _a539 p.
_c23 cm.
521 _acollege students
526 _c1210L-1700L
541 _j1
541 _j2
562 _e2
942 _2lcc
_cBK
_kFIL
999 _c18981
_d18981